000 00449nam a2200157 4500
001 117525
003 ES-MaACL
005 20230906190925.0
007 t|
008 070214s1913 sp r ||||1| spa d
100 1 _aPedreira, Leopoldo.
_9130932
245 1 0 _aDescripción de España /
_csu autor Leopoldo Pedreira.
260 _aLa Coruña :
_b[s.n.],
_c1912 (
_fImp. Ferrer)
300 _a324 p. ;
_c19 cm.
852 _aES-MaACL
_jB-9475
_bR.18618
999 _c117525
_d117525